<?xml version="1.0" encoding="UTF-8"?>
<record
    xmlns:xsi="http://www.w3.org/2001/XMLSchema-instance"
    xsi:schemaLocation="http://www.loc.gov/MARC21/slim http://www.loc.gov/standards/marcxml/schema/MARC21slim.xsd"
    xmlns="http://www.loc.gov/MARC21/slim">

  <leader>00693nam a22001337a 4500</leader>
  <datafield tag="040" ind1=" " ind2=" ">
    <subfield code="c">RUA</subfield>
  </datafield>
  <datafield tag="082" ind1=" " ind2=" ">
    <subfield code="a">AGR SE 2011 B048 Or.1</subfield>
  </datafield>
  <datafield tag="100" ind1=" " ind2=" ">
    <subfield code="a">SE VANAK</subfield>
  </datafield>
  <datafield tag="245" ind1=" " ind2=" ">
    <subfield code="a">Effect of establishment methods on growth and yield of ir 66 rice under dry season,(&#x17A5;&#x1791;&#x17D2;&#x1792;&#x17B7;&#x1796;&#x179B;&#x1793;&#x17C3;&#x179C;&#x17B7;&#x1792;&#x17B8;&#x179F;&#x17B6;&#x179F;&#x17D2;&#x179A;&#x17D2;&#x178F;&#x178A;&#x17C6;&#x17B6;&#x178A;&#x17BB;&#x17C7;&#x1791;&#x17C5;&#x179B;&#x17BE;&#x1780;&#x17B6;&#x179A;&#x179B;&#x17BC;&#x178F;&#x179B;&#x17B6;&#x179F;&#x17CB; &#x1793;&#x17B7;&#x1784;&#x1791;&#x17B7;&#x1793;&#x17D2;&#x1793;&#x1795;&#x179B;&#x179F;&#x17D2;&#x179A;&#x17BC;&#x179C;&#x17A2;&#x17CA;&#x17B8;&#x17A2;&#x17CA;&#x17C2;&#x179A; &#x17E6;&#x17E6; &#x1780;&#x17D2;&#x1793;&#x17BB;&#x1784;&#x179B;&#x1780;&#x17D2;&#x1781;&#x1781;&#x178E;&#x17D2;&#x178C;&#x179A;&#x178A;&#x17BC;&#x179C;&#x1794;&#x17D2;&#x179A;&#x17B6;&#x17C6;&#x1784;)</subfield>
  </datafield>
  <datafield tag="260" ind1=" " ind2=" ">
    <subfield code="a">phnom penh </subfield>
    <subfield code="b">RUA </subfield>
    <subfield code="c">2011 </subfield>
  </datafield>
  <datafield tag="300" ind1=" " ind2=" ">
    <subfield code="a">xi, 56p.</subfield>
    <subfield code="c">ill.</subfield>
  </datafield>
  <datafield tag="856" ind1=" " ind2=" ">
    <subfield code="u">https://drive.google.com/file/d/1UaZvq9Ep1Q_IegTWLpt8Nw2LtEO-clI-/view?usp=sharing</subfield>
  </datafield>
  <datafield tag="942" ind1=" " ind2=" ">
    <subfield code="c">AGR</subfield>
  </datafield>
  <datafield tag="999" ind1=" " ind2=" ">
    <subfield code="c">1168</subfield>
    <subfield code="d">1168</subfield>
  </datafield>
  <datafield tag="952" ind1=" " ind2=" ">
    <subfield code="0">0</subfield>
    <subfield code="1">0</subfield>
    <subfield code="2">ddc</subfield>
    <subfield code="4">0</subfield>
    <subfield code="6">AGR_SE_2011_000000000000000_B048_OR_1</subfield>
    <subfield code="7">0</subfield>
    <subfield code="9">4790</subfield>
    <subfield code="a">LBB</subfield>
    <subfield code="b">LBB</subfield>
    <subfield code="c">B048</subfield>
    <subfield code="d">2015-09-23</subfield>
    <subfield code="o">AGR SE 2011 B048 Or.1</subfield>
    <subfield code="p">RUA008371</subfield>
    <subfield code="r">2015-09-23</subfield>
    <subfield code="w">2015-09-23</subfield>
    <subfield code="y">AGR</subfield>
  </datafield>
  <datafield tag="952" ind1=" " ind2=" ">
    <subfield code="0">0</subfield>
    <subfield code="1">0</subfield>
    <subfield code="2">ddc</subfield>
    <subfield code="4">0</subfield>
    <subfield code="6">AGR_SE_2011_000000000000000_B048_OR_2</subfield>
    <subfield code="7">0</subfield>
    <subfield code="9">4791</subfield>
    <subfield code="a">LBB</subfield>
    <subfield code="b">LBB</subfield>
    <subfield code="c">B048</subfield>
    <subfield code="d">2015-09-23</subfield>
    <subfield code="l">1</subfield>
    <subfield code="o">AGR SE 2011 B048 Or.2</subfield>
    <subfield code="p">RUA006400</subfield>
    <subfield code="r">2017-08-12</subfield>
    <subfield code="s">2017-08-07</subfield>
    <subfield code="w">2015-09-23</subfield>
    <subfield code="y">AGR</subfield>
  </datafield>
  <datafield tag="952" ind1=" " ind2=" ">
    <subfield code="0">0</subfield>
    <subfield code="1">0</subfield>
    <subfield code="2">ddc</subfield>
    <subfield code="4">0</subfield>
    <subfield code="6">AGR_SE_2011_000000000000000_B048_OR_3</subfield>
    <subfield code="7">0</subfield>
    <subfield code="9">4792</subfield>
    <subfield code="a">LBB</subfield>
    <subfield code="b">LBB</subfield>
    <subfield code="c">B048</subfield>
    <subfield code="d">2015-09-23</subfield>
    <subfield code="o">AGR SE 2011 B048 Or.3</subfield>
    <subfield code="p">RUA006597</subfield>
    <subfield code="r">2015-09-23</subfield>
    <subfield code="w">2015-09-23</subfield>
    <subfield code="y">AGR</subfield>
  </datafield>
  <datafield tag="952" ind1=" " ind2=" ">
    <subfield code="0">0</subfield>
    <subfield code="1">0</subfield>
    <subfield code="2">ddc</subfield>
    <subfield code="4">0</subfield>
    <subfield code="6">AGR_SE_2011_000000000000000_B048_OR_4</subfield>
    <subfield code="7">0</subfield>
    <subfield code="9">4793</subfield>
    <subfield code="a">LBB</subfield>
    <subfield code="b">LBB</subfield>
    <subfield code="c">B048</subfield>
    <subfield code="d">2015-09-23</subfield>
    <subfield code="o">AGR SE 2011 B048 Or.4</subfield>
    <subfield code="p">RUA006122</subfield>
    <subfield code="r">2015-09-23</subfield>
    <subfield code="w">2015-09-23</subfield>
    <subfield code="y">AGR</subfield>
  </datafield>
  <datafield tag="952" ind1=" " ind2=" ">
    <subfield code="0">0</subfield>
    <subfield code="1">0</subfield>
    <subfield code="2">ddc</subfield>
    <subfield code="4">0</subfield>
    <subfield code="6">AGR_SE_2011_000000000000000_B048_OR_5</subfield>
    <subfield code="7">0</subfield>
    <subfield code="9">4794</subfield>
    <subfield code="a">LBB</subfield>
    <subfield code="b">LBB</subfield>
    <subfield code="c">B048</subfield>
    <subfield code="d">2015-09-23</subfield>
    <subfield code="o">AGR SE 2011 B048 Or.5</subfield>
    <subfield code="p">RUA006409</subfield>
    <subfield code="r">2015-09-23</subfield>
    <subfield code="w">2015-09-23</subfield>
    <subfield code="y">AGR</subfield>
  </datafield>
  <datafield tag="952" ind1=" " ind2=" ">
    <subfield code="0">0</subfield>
    <subfield code="1">0</subfield>
    <subfield code="2">ddc</subfield>
    <subfield code="4">0</subfield>
    <subfield code="6">AGR_SE_2011_000000000000000_B048_OR_6</subfield>
    <subfield code="7">0</subfield>
    <subfield code="9">4795</subfield>
    <subfield code="a">LBB</subfield>
    <subfield code="b">LBB</subfield>
    <subfield code="c">B048</subfield>
    <subfield code="d">2015-09-23</subfield>
    <subfield code="l">2</subfield>
    <subfield code="m">1</subfield>
    <subfield code="o">AGR SE 2011 B048 Or.6</subfield>
    <subfield code="p">RUA006268</subfield>
    <subfield code="r">2016-07-08</subfield>
    <subfield code="s">2016-05-30</subfield>
    <subfield code="w">2015-09-23</subfield>
    <subfield code="y">AGR</subfield>
  </datafield>
</record>
